| 000 | 00541nam a2200169 a 4500 | ||
|---|---|---|---|
| 008 | 951121s1976---yxo 0 slo c | ||
| 040 |
_aSNK _bslo _cSNK _eAACR2 |
||
| 041 | 1 | _aslo | |
| 044 |
_axo _cSK |
||
| 100 | 1 |
_aArchangel'skij, Leonid Michajlovič _4aut |
|
| 245 | 1 | 0 |
_aMarxisticko - leninská etika _cA. Archangeľskij, Leonid Michajlovič ; Z rus. orig. prel. Mária Blchová a Ľubica Valentová |
| 250 | _a1. vyd. | ||
| 260 |
_aBratislava _bPravda _c1976 _eBratislava _fPravda |
||
| 300 |
_a309 s. _c21 cm |
||
| 020 | _c23 | ||
| 958 | _aA | ||
| 999 |
_c15505 _d15505 |
||